000 00391nam a2200121 a 4500
008 120416s1988 xx |||||||||||||| || u
050 _aTS 1890 Coo
100 _aCook, J. Gordon
245 1 0 _aRubber
260 _c1988
350 _a0.00
995 _D0.00
_FCBU-MAIN LIBRARY (Kitwe)
_H1
_I1.26
_UAVAILABLE
_ZAnnex Low-Usage Collection
999 _c56771
_d56771